00578nam a2200181Ia 4500003000900000008004100009020001800050040001600068080001900084100001600103245010300119260004800222300001500270490003800285650004100323650001200364700002000376IN-BaIIA211028s9999 xx 000 0 eng d a0-521-32681-8 cIIA Library a524.354.4bLYN aLyne, A. G. 0aPulsar astronomycA. G. Lyne and F. Graham-Smith  aCambridgebCambridge University Pressc1990 axiv, 274p. aCambridge astrophysics series; 16 aAstronomy and astrophysics thesaurus aPulsars aGraham-Smith, F